| 000 | 00384cam a2200145ua 4500 | ||
|---|---|---|---|
| 999 |
_c10485 _d10485 |
||
| 003 | OSt | ||
| 008 | 191023b ||||| |||| 00| 0 eng d | ||
| 082 |
_a501 _bHUN/GE |
||
| 100 |
_aHunt, Liend C . _94376 |
||
| 245 | _aGeneral science for pre degree arts students / | ||
| 260 |
_aCalicut : _bIndira Press , _c1965. |
||
| 300 | _a215 ; . | ||
| 700 | 1 |
_aNarayan, . _94377 |
|
| 942 | _cBK | ||